Gaming Quiz

Random Gaming Quiz

Grand Theft Auto Characters Quiz Stats

 Plays Quiz not verified by Sporcle

Challenge
Share
Tweet
Embed
Score 0/156 Timer 12:00
0 Plays Today
% Correct
Carl Johnson
89.6%
Tommy Vercetti
84.5%
Claude
83.9%
Kyle and Tom Rivas
83.3%
Sean 'Sweet' Johnson
78.2%
Melvin 'Big Smoke' Harris
77.7%
Niko Bellic
77.2%
Lance Vance
76.2%
Lance 'Ryder' Wilson
75.6%
Ken Rosenberg
75.1%
Ken Rosenberg
75.1%
Frank Tenpenny
74.6%
Catalina
74.1%
Catalina
74.1%
Toni Cipriani
73.1%
Toni Cipriani
73.1%
Roman Bellic
73.1%
Salvatore Leone
72.5%
Salvatore Leone
72.5%
Salvatore Leone
72.5%
Johnny Sindacco
67.2%
Mike Toreno
65.8%
Victor Vance
65.8%
Sonny Forelli
64.8%
Johnny Klebitz
64.2%
Anthony Prince
63.2%
Ray Machowski
62.7%
Luis Fernando Lopez
62.7%
Ray Bulgarin
61.7%
Ray Boccino
61.1%
Phil Bell
61.1%
Jimmy Hernandez
60.6%
Johnny
60.6%
Joey Leone
60.1%
Donald Love
60.1%
Kendl Johnson
60.1%
Donald Love
60.1%
Ricardo Diaz
59.1%
Eddie Pulaski
58%
Jimmy Pegorino
58%
Phil Cassidy
57.5%
Asuka Kasen
56.5%
Asuka Kasen
56.5%
Luigi Goterelli
56%
Cesar Vialpando
56%
Mike
56%
8-Ball
55.4%
8-Ball
55.4%
Maria Latore
54.4%
Maria Latore
54.4%
Patrick McReary
54.4%
Kenji Kasen
53.9%
% Correct
Denise Robinson
52.8%
Kate McReary
50.3%
Avery Carrington
49.7%
Kent Paul
49.2%
Wu Zi Mu
49.2%
Kent Paul
49.2%
Michelle Cannes
49.2%
T-Bone Mendez
48.7%
Michelle
48.7%
Brucie Kibbutz
48.2%
OG Loc
47.2%
Francis McReary
46.6%
Miguel
46.1%
Brian Johnson
46.1%
Mikhail Faustin
46.1%
Gerald McReary
46.1%
Little Jacob
45.1%
Derrick McReary
45.1%
The Truth
44.6%
Jerry Martinez
44.6%
Armando Mendez
44.6%
Jizzy B.
44%
Clay Simons
42.5%
Madd Dogg
41.5%
Marty Jay Williams
41.5%
Dwayne Forge
41.5%
Diego Mendez
40.9%
Elizabeta Torres
40.9%
Billy Grey
40.9%
Angus Martin
40.9%
Hilary King
40.4%
Vincenzo Cilli
40.4%
Playboy X
40.4%
Mercedez Cortez
39.9%
Zero
39.9%
Maccer
39.9%
Leon McAffrey
39.9%
Marty Chonks
39.4%
Juan Cortez
39.4%
Umberto Robina
39.4%
Vladimir Glebov
39.4%
Louise Cassidy-Williams
38.9%
Ashley Butcher
38.3%
Misty
37.8%
Brian Jeremy
37.8%
Terry Thorpe
37.8%
Manuel Escuela
37.3%
Mallorie Bardas
36.8%
Lazlow Jones
36.8%
Massimo Torini
36.3%
Yusuf Amir
35.8%
Dmitri Rascolov
35.8%
% Correct
El Burro
35.2%
Millie Perkins
34.7%
Mori Kibbutz
34.7%
Mitch Baker
34.2%
Jon Gravelli
32.6%
Bernie Crane
32.1%
Kiki Jenkins
31.2%
Beverly Johnson
30.6%
Ma Cipriani
30.1%
Toshiko Kasen
30.1%
Jim Fitzgerald
30.1%
Carmen Ortiz
29.6%
King Courtney
29.5%
King Courtney
29.5%
Fernando Martinez
29.5%
Love Fist
29%
Barbara Schternvart
29%
Franco Forelli
29%
Thomas Stubbs
29%
Auntie Poulet
28.5%
Candy Suxxx
28.5%
Paulie Sindacco
28%
Mr Black
28%
Cam Jones
27.5%
Katie Zhan
26.9%
Kazuki Kasen
26.9%
Jason Michaels
26.9%
Darko Brevic
26.4%
Alexandra Chilton
26.3%
Vinnie
25.9%
Gracie Ancelotti
25.9%
Steve Scott
25.4%
Reni Wassulmaier
23.8%
Gonzalez
23.8%
United Liberty Paper
23.3%
Joseph Daniel O'Toole
22.8%
D-Ice
22.3%
Bryan Forbes
22.3%
Darkel
20.2%
Helena Wankstein
20.2%
Ned Burner
19.2%
Real Badman
18.8%
Giovanni Casa
18.7%
Leo Teal
18.3%
Malc
18.1%
Timur
16.1%
Maude Hanson
14.5%
Jane Hopper
13%
Miles O'Donovan
13%
Bryce Dawkins
10.9%
Cisco
8.8%
Ralph Pendelbury
5.2%

You're not logged in!

Compare scores with friends on all Sporcle quizzes.
OR
Log In

You Might Also Like...

Show Comments

Extras

Top Quizzes Today


Score Distribution

Your Account Isn't Verified!

In order to create a playlist on Sporcle, you need to verify the email address you used during registration. Go to your Sporcle Settings to finish the process.

Report this User

Report this user for behavior that violates our Community Guidelines.

Details: